| 000 | 00706nam a2200193Ia 4500 | ||
|---|---|---|---|
| 003 | GCL | ||
| 008 | 140319s9999 xx 000 0 ara d | ||
| 040 |
_aGCL / _cGCL |
||
| 082 | 0 | 4 |
_a027.665 _bا م |
| 100 | 1 | _aالسيد السيد النشار | |
| 245 | 1 | 0 |
_aمكتبات السجون / _cالسيد السيد النشار |
| 260 |
_aالقاهرة : _bدار الثقافة العلمية ، _c2001 |
||
| 300 |
_a255 ص ؛ _c24 سم |
||
| 490 |
_aمنشورات دار الثقافة - سلسلة المكتبات والمعلومات _v25 |
||
| 650 | 0 | 4 | _aالخدمة المكتبية |
| 650 | 0 | 4 | _aمكتبات السجون |
| 650 | 0 | 4 | _aمكتبات السجون - مبانى |
| 942 |
_2ddc _cBK |
||
| 999 |
_c5170 _d5170 |
||